000
00315nam a22001337a 4500
020
_a
978-93-5094-420-2
082
_a
001
_b
PPW/G
100
_a
PANDEY, MANOHAR
245
_a
GENERAL KNOWLEDGE 2014
260
_a
DELHI
_b
ARIHANT PUBLICATIONS
_c
2014
300
_a
317
650
_a
GENERAL KNOWLEDGE
_z
INDIA
942
_c
BK
999
_c
6619
_d
6619